| 000 | 00974cam a2200325 i 4500 | ||
|---|---|---|---|
| 001 | 16446896 | ||
| 003 | EG-ScBUE | ||
| 005 | 20220222104131.0 | ||
| 008 | 100823s2010 enk f 000 1 eng d | ||
| 020 | _a1408808870 | ||
| 020 | _a9781408808870 | ||
| 035 | _a(Uk-RwCLS)uk11420879 | ||
| 040 |
_aDLC _beng _erda _cDLC _dEG-ScBUE |
||
| 082 | 0 | 4 |
_222 _a823.914 _bJAC |
| 100 | 1 |
_aJacobson, Howard, _eauthor. _924957 |
|
| 245 | 1 | 4 |
_aThe finkler question / _cHoward Jacobson. |
| 264 | 1 |
_aLondon : _bBloomsbury, _c2010. |
|
| 300 |
_a307 pages ; _c24 cm |
||
| 336 |
_2rdacontent _atext _btxt |
||
| 337 |
_2rdamedia _aunmediated _bn |
||
| 338 |
_2rdacarrier _avolume _bnc |
||
| 586 | _aThe Man Booker Prize, 2010. | ||
| 650 | 7 |
_aMale friendship _vFiction. _924958 _2BUEsh |
|
| 650 | 7 |
_aOlder men _vFiction. _924959 _2BUEsh |
|
| 651 | _2BUEsh | ||
| 653 |
_cJune2011 _bHHUUEENN |
||
| 655 |
_vReading book _934232 |
||
| 942 |
_2ddc _cBB |
||
| 999 |
_c15572 _d15572 |
||